Countries of the World - Containing "N" HARD - Statistics

General Stats
  • This quiz has been taken 79 times
    76 since last reset
  • The average score is 104 of 115
Answer Stats
Answer % Correct
Canada
98%
Democratic Republic of the Congo
98%
Niger
98%
Republic of the Congo
98%
Antigua and Barbuda
96%
Argentina
96%
Finland
96%
France
96%
Guinea
96%
Guinea Bissau
96%
Japan
96%
Namibia
96%
New Zealand
96%
Pakistan
96%
Panama
96%
Saint Kitts and Nevis
96%
South Sudan
96%
Sudan
96%
Trinidad and Tobago
96%
United Kingdom
96%
United States of America
96%
Yemen
96%
Azerbaijan
94%
China
94%
Dominica
94%
Dominican Republic
94%
Hungary
94%
Iceland
94%
Indonesia
94%
Iran
94%
Ireland
94%
Kenya
94%
Monaco
94%
Mongolia
94%
Myanmar
94%
Netherlands
94%
Nicaragua
94%
Nigeria
94%
Norway
94%
Oman
94%
Romania
94%
Rwanda
94%
Saint Vincent and the Grenadines
94%
Spain
94%
Turkmenistan
94%
Afghanistan
92%
Angola
92%
Armenia
92%
Bahrain
92%
Bhutan
92%
Central African Republic
92%
Equatorial Guinea
92%
Germany
92%
Honduras
92%
India
92%
Jordan
92%
Kazakhstan
92%
Papua New Guinea
92%
Poland
92%
Saint Lucia
92%
Venezuela
92%
Andorra
90%
Burundi
90%
Denmark
90%
Grenada
90%
Kyrgyzstan
90%
Liechtenstein
90%
Marshall Islands
90%
Nauru
90%
San Marino
90%
Solomon Islands
90%
Sweden
90%
Switzerland
90%
Tajikistan
90%
Thailand
90%
Uganda
90%
United Arab Emirates
90%
Vatican City
90%
Vietnam
90%
Brunei
88%
Cameroon
88%
Gabon
88%
Guyana
88%
Mauritania
88%
Nepal
88%
North Macedonia
88%
Philippines
88%
Tanzania
88%
Tonga
88%
Uzbekistan
88%
Vanuatu
88%
Bosnia and Herzegovina
85%
Botswana
85%
Burkina Faso
85%
Estonia
85%
Federated States of Micronesia
85%
Ghana
85%
Lithuania
85%
Senegal
85%
Suriname
85%
Tunisia
85%
Ukraine
85%
Bangladesh
83%
Benin
83%
Lebanon
83%
North Korea
83%
Sierra Leone
83%
Singapore
83%
Slovenia
83%
Taiwan
83%
Montenegro
81%
Sri Lanka
81%
Eswatini
79%
Sao Tome and Principe
79%
Albania
77%
No matching quizzes found
Score Distribution
Percent of People with Each Score
Percentile by Number Answered
Your Score History
You have not taken this quiz since the last reset